Métodos de investigación educativa

Shranjeno v:
Bibliografske podrobnosti
Glavni avtor: Cohen, Louis (autor)
Drugi avtorji: Manion, Lawrence (autor)
Format: Knjiga
Jezik:španščina
Izdano: Madrid, España: La Muralla, 2002.
Izdaja:2ª edición.
Serija:Colección Aula Abierta
Teme:
Oznake: Označite
Brez oznak, prvi označite!

MARC

LEADER 00000cam a2200000 a 4500
001 UCC0559
003 CL-VaPUC
005 20230510115711.0
008 170818t20200000sp |||||||||||||||||spa|d
999 |c 439763  |d 439761 
020 |a 8471335654 
040 |c Pontificia Universidad Católica de Valparaíso 
082 0 4 |a 370.78 COH 2002  |2 21 
100 0 |a Cohen, Louis  |e autor  |9 594557 
245 1 0 |a Métodos de investigación educativa 
250 |a 2ª edición. 
260 |a Madrid, España:   |b La Muralla,   |c 2002. 
300 |a 502 páginas. 
490 0 |a Colección Aula Abierta 
583 |a last modification  |c 20170818 15:36:00  |k CA 
650 0 |a Investigación educacional   |9 261192 
700 0 |a Manion, Lawrence  |e autor  |9 594558 
942 |c BK  |2 ddc 
952 |0 0  |1 0  |2 ddc  |4 0  |6 370_780000000000000_COH_2002  |7 0  |8 A  |9 588278  |a BIBMAT  |b BIBMAT  |c E_DIDACT  |d 2022-12-16  |e 3  |g 67880.00  |i 5656074  |l 2  |m 2  |o 370.78 COH 2002  |p 5656074  |r 2025-01-07  |s 2023-06-28  |t 1  |v 67880.00  |w 2022-12-16  |y BK  |k MAT 
952 |0 0  |1 0  |2 ddc  |4 0  |6 370_780000000000000_COH_2002  |7 0  |8 A  |9 589869  |a BIBMAT  |b BIBMAT  |c E_DIDACT  |d 2023-05-04  |e 1  |g 65387.00  |i 5657321  |l 3  |m 1  |o 370.78 COH 2002  |p 5657321  |r 2025-04-11  |s 2025-03-24  |t 2  |v 65387.00  |w 2023-05-04  |y BK  |k MAT